Bienvenue à la Médiathèque de Saint-Andiol
banniere
Accueil Recherche avancée Mon compte
handi1 Rechercher dans le catalogue

Filtre   Mots-clés
  Recherche avancée
 
Lister les dernières nouveautés
 
Lister les livres GROS CARACTERES
 
Lister les périodiques (magazines)

handi1 Humus

Book Cover
Auteur principal : Gaspard Koenig
Titre : Humus
Support : Livres
Langue : Francais
Publié : 2023 Les éditions de l'Observatoire PARIS cedex 14
Genre : Roman
Sujets :
Étiquettes :
Pas de tags
LEADER 01637nam0a2200205 450
001 16862022
010 |a 979-10-329-2782-3  |b br.  |d 22 € 
100 |a 20231209d2023 u u0frey01 ba 
101 0 |a fre 
102 |a FR 
200 0 |a Humus 
207 1 |a   
210 |a PARIS cedex 14  |c Les éditions de l'Observatoire  |d 2023 
215 |a 1 vol. (379 p.)  |c Couuv.ill.coul  |d 20 X 14.2 cm 
300 |a Prix littéraire : Prix interallié 2023 - Prix Jean Giono 
330 |a Deux étudiants en agronomie, angoissés comme toute leur génération par la crise écologique, refusent le défaitisme et se mettent en tête de changer le monde. Kevin, fils d'ouvriers agricoles, lance une start-up de vermicompostage et endosse l'uniforme du parfait transfuge sur la scène du capitalisme vert. Arthur, enfant de la bourgeoisie, tente de régénérer le champ familial ruiné par les pesticides mais se heurte à la réalité de la vie rurale. Au fil de leur apprentissage, les deux amis mettent leurs idéaux à rude épreuve. Du bocage normand à la Silicon Valley, des cellules anarchistes aux salons ministériels, Gaspard Kúnig raconte les paradoxes de notre temps - mobilité sociale et mépris de classe, promesse de progrès et insurrection écologique, amour impossible et désespoir héroïque... Une histoire de terre et d'hommes, dans la grande veine de la littérature réaliste. 
700 0 |a Koenig  |b Gaspard  |c Auteur du texte  |f 1982-....  |4 70 
900 |a Roman 
901 |a Adultes 
995 |a Médiathèque  |c Médiathèque  |f 089019826  |h 089019826  |k R KOE  |o p  |q a  |r az  |u Prix littéraire : Prix interallié 2023 - Prix Jean Giono  |e Médiathèque